Catálogo público

Procesamiento básico de la leche en derivados / (Record no. 218580)

MARC details
000 -CABECERA
campo de control de longitud fija 01974nam a2200373 a 4500
003 - IDENTIFICADOR DEL NÚMERO DE CONTROL
campo de control CHAP
005 - FECHA Y HORA DE LA ÚLTIMA TRANSACCIÓN
campo de control 20230327123439.0
007 - CAMPO FIJO DE DESCRIPCIÓN FÍSICA--INFORMACIÓN GENERAL
campo de control de longitud fija ta
008 - DATOS DE LONGITUD FIJA--INFORMACIÓN GENERAL
campo de control de longitud fija 230327s2021 mx ado|fr||||a001 0 spa d
020 ## - NÚMERO INTERNACIONAL ESTÁNDAR DEL LIBRO
Número Internacional Estándar del Libro 978-607-12-0613-8
040 ## - FUENTE DE LA CATALOGACIÓN
Centro catalogador/agencia de origen mxchpua
Centro/agencia transcriptor CHAP
Normas de descripción rda
050 10 - SIGNATURA TOPOGRÁFICA DE LA BIBLIOTECA DEL CONGRESO
Número de clasificación SF250.5
Número de documento/Ítem .V55 2021
082 00 - NÚMERO DE LA CLASIFICACIÓN DECIMAL DEWEY
Número de clasificación 637.14
Número de documento/Ítem V55 2021
Número de edición 20
100 1# - ENTRADA PRINCIPAL--NOMBRE DE PERSONA
9 (RLIN) 185141
Nombre de persona Villegas de Gante, Abraham Zacarias
Término indicativo de función/relación autor
245 10 - MENCIÓN DE TÍTULO
Título Procesamiento básico de la leche en derivados /
Mención de responsabilidad, etc. Abraham Villegas de Gante
250 ## - MENCIÓN DE EDICIÓN
Mención de edición 1a edición
264 ## - PRODUCCIÓN, PUBLICACIÓN, DISTRIBUCIÓN, FABRICACIÓN Y COPYRIGHT
Producción, publicación, distribución, fabricación y copyright Chapingo, México :
Nombre del de productor, editor, distribuidor, fabricante Universidad Autónoma Chapingo,
Fecha de producción, publicación, distribución, fabricación o copyright 2021
300 ## - DESCRIPCIÓN FÍSICA
Extensión 63 páginas :
Otras características físicas ilustraciones, gráficas, diagramas, tablas, fotos
336 ## - TIPO DE CONTENIDO
Fuente rdacontent
Término de tipo de contenido texto
Código de tipo de contenido txt
337 ## - TIPO DE MEDIO
Fuente rdamedia
Nombre/término del tipo de medio sin medio
Código del tipo de medio n
338 ## - TIPO DE SOPORTE
Fuente rdacarrier
Nombre/término del tipo de soporte volumen
Código del tipo de soporte nc
490 1# - MENCIÓN DE SERIE
Mención de serie Agronomía esencial. Producción agroindustrial (UACh)
504 ## - NOTA DE BIBLIOGRAFÍA, ETC.
Nota de bibliografía, etc. Bibliografía: página 63
505 0# - NOTA DE CONTENIDO CON FORMATO
Nota de contenido con formato Introducción --<br/>Productos lácteos --<br/>Jocoque --<br/>Yogur --<br/>Kéfir --<br/>Nata --<br/>Quesos --<br/>Dulces --<br/>Bibliografía
520 2# - SUMARIO, ETC.
Sumario, etc. La leche y sus derivados han acompañado al humano desde tiempos remotos, cuando se domesticaron los primeros mamíferos y cuando se volvió sedentario.Entre los derivados obtenidos de la leche de estos mamíferos seguramente se hallaban las leches fermentadas espontánea y naturalmente, y quesos rústicos que fueron creados casualmente y cuyas recetas fueron perfeccionadas con el tiempo. Todos estos productos originarios se elaboraban con leche cruda y se conservaban gracias a las fermentaciones que ocurrían en la misma leche fluida o en las pasta de los quesos.
650 10 - PUNTO DE ACCESO ADICIONAL DE MATERIA--TÉRMINO DE MATERIA
9 (RLIN) 161553
Término de materia o nombre geográfico como elemento de entrada Dairy technology
650 13 - PUNTO DE ACCESO ADICIONAL DE MATERIA--TÉRMINO DE MATERIA
9 (RLIN) 152329
Término de materia o nombre geográfico como elemento de entrada Tecnología lechera
650 17 - PUNTO DE ACCESO ADICIONAL DE MATERIA--TÉRMINO DE MATERIA
9 (RLIN) 92124
Término de materia o nombre geográfico como elemento de entrada Productos lácteos
650 13 - PUNTO DE ACCESO ADICIONAL DE MATERIA--TÉRMINO DE MATERIA
9 (RLIN) 162947
Término de materia o nombre geográfico como elemento de entrada Dairy science
650 13 - PUNTO DE ACCESO ADICIONAL DE MATERIA--TÉRMINO DE MATERIA
9 (RLIN) 161553
Término de materia o nombre geográfico como elemento de entrada Dairy technology
650 13 - PUNTO DE ACCESO ADICIONAL DE MATERIA--TÉRMINO DE MATERIA
9 (RLIN) 147027
Término de materia o nombre geográfico como elemento de entrada Dairy products
830 #0 - PUNTO DE ACCESO ADICIONAL DE SERIE-TÍTULO UNIFORME
9 (RLIN) 186557
Título uniforme Agronomía esencial. Producción agroindustrial (UACh)
942 ## - ELEMENTOS DE PUNTO DE ACCESO ADICIONAL (KOHA)
Fuente del sistema de clasificación o colocación Dewey Decimal Classification
Tipo de ítem Koha
Holdings
Estado de retiro Estado de pérdida Fuente del sistema de clasificación o colocación Estado dañado Restricciones de uso No para préstamo Código de colección Localización permanente Ubicación/localización actual Fecha de adquisición Fuente de adquisición Número de inventario Total de préstamos Signatura topográfica completa Código de barras Fecha visto por última vez Número de copia Precio válido a partir de Tipo de ítem Koha Renovaciones totales Fecha del último préstamo Ubicación en estantería
    Dewey Decimal Classification   Préstamo interno   Publicaciones UACh Biblioteca Central Biblioteca Central 09/10/2023       637.14 V55 33724002579040 09/10/2023   09/10/2023 Libro     Planta alta - Área de Tesis - UACh
    Dewey Decimal Classification   Préstamo 15 días   General Biblioteca Central Biblioteca Central 09/10/2023     1 637.14 V55 33724002579009 17/06/2024 c.2 09/10/2023 Libro   09/06/2024 Planta principal - Colección General
    Dewey Decimal Classification   Préstamo 15 días   General Biblioteca Central Biblioteca Central 15/01/2024     1 637.14 V55 33724002582371 13/10/2025 c.3 15/01/2024 Libro   26/09/2025 Planta principal - Colección General
    Dewey Decimal Classification   Préstamo 15 días   General Biblioteca Central Biblioteca Central 15/01/2024       637.14 V55 33724002582332 15/01/2024 c.4 15/01/2024 Libro     Planta principal - Colección General
    Dewey Decimal Classification   Préstamo 15 días   General Biblioteca Central Biblioteca Central 15/01/2024     2 637.14 V55 33724002582293 16/05/2025 c.5 15/01/2024 Libro   02/05/2025 Planta principal - Colección General
    Dewey Decimal Classification   Préstamo interno   General Ingenieria Agroindustrial Ingenieria Agroindustrial 27/03/2023 Donación Donación   637.14 V55 2021 1102014538 27/03/2023 Ej. 1 27/03/2023 Libro      
    Dewey Decimal Classification   Préstamo 5 días   General Ingenieria Agroindustrial Ingenieria Agroindustrial 27/03/2023 Donación Donación 2 637.14 V55 2021 1102014539 27/05/2025 Ej. 2 27/03/2023 Libro 1 12/05/2025  
    Dewey Decimal Classification   Préstamo 5 días   General Ingenieria Agroindustrial Ingenieria Agroindustrial 27/03/2023 Donación Donación 5 637.14 V55 2021 1102014540 07/04/2026 Ej. 3 27/03/2023 Libro 1 16/03/2026  
    Dewey Decimal Classification   Préstamo 5 días   General Ingenieria Agroindustrial Ingenieria Agroindustrial 27/03/2023 Donación Donación 7 637.14 V55 2021 1102014541 07/10/2025 Ej. 4 27/03/2023 Libro   07/10/2025  
    Dewey Decimal Classification   Préstamo 5 días   General Ingenieria Agroindustrial Ingenieria Agroindustrial 27/03/2023 Donación Donación 3 637.14 V55 2021 1102014542 20/07/2023 Ej. 5 27/03/2023 Libro   20/07/2023  
    Dewey Decimal Classification   Préstamo 5 días   General Ingenieria Agroindustrial Ingenieria Agroindustrial 27/03/2023 Donación Donación 8 637.14 V55 2021 1102014543 06/11/2025 Ej. 6 27/03/2023 Libro   05/11/2025  
    Dewey Decimal Classification   Préstamo 5 días   General Ingenieria Agroindustrial Ingenieria Agroindustrial 27/03/2023 Donación Donación 4 637.14 V55 2021 1102014544 02/06/2025 Ej. 7 27/03/2023 Libro 3 02/06/2025  
    Dewey Decimal Classification   Préstamo 5 días   General Ingenieria Agroindustrial Ingenieria Agroindustrial 27/03/2023 Donación Donación 6 637.14 V55 2021 1102014545 09/04/2025 Ej. 8 27/03/2023 Libro   09/04/2025  
    Dewey Decimal Classification   Préstamo 5 días   General Ingenieria Agroindustrial Ingenieria Agroindustrial 27/03/2023 Donación Donación 4 637.14 V55 2021 1102014546 02/06/2025 Ej. 9 27/03/2023 Libro   02/06/2025  
    Dewey Decimal Classification   Préstamo 5 días   General Ingenieria Agroindustrial Ingenieria Agroindustrial 27/03/2023 Donación Donación 8 637.14 V55 2021 1102014547 02/07/2025 Ej. 10 27/03/2023 Libro 4 02/07/2025